000 00732cam a22001934a 4500
005 20250605164129.0
008 250528s ||||||||||||||||||||||||d
035 _a18579
020 _a887401031
040 _aGR-AtMCL
_bgre
_dGR-AtMCL
_eAACR2
245 1 _aPrinciples of Color / A Review of Past Traditions and Modern Theories of Color Harmony
260 _bSchiffer Publishing Ltd,
_c1969
300 _a96
520 _aA Review of Past Tradition and Modern Theories. Introduction, Progression or Retrogression, History of Color Circles, The Harmony of Colors, The Harmony of Color Forms, The New Perception, References, Color Plates.
700 1 _aBirren Faber
_94839
942 _cBK
999 _c3928
_d3928